Responses for Show #5008 - Wednesday, May 24, 2006

Contestants

[<< previous game]

Karla Sortland, a teacher from Las Vegas, Nevada

Matt Sojot, a firefighter from Mililani, Hawaii

Tricia Barreiro, an interactive project manager from Santa Monica, California (whose 1-day cash winnings total $15,998)

[next game >>]

Jeopardy! Round responses

PARLIAMENTARY PROCEDURE
NAME THAT COMEDIAN
ORIGIN OF THE SPECIOUS
SWIMMERS
POTENT POTABLE POTPOURRI
MAMMA "MEA"
    $200 22
the gallery

Karla
    $200 21
Groucho Marx

Karla
    $200 8
Gates

Tricia
    $200 6
fins

Karla
    $200 10
beer

Tricia
    $200 1
meander

Karla
    $400 23
the Constitution

Matt
    $400 24
George Carlin

Karla
    $400 9
the "Runaway Bride"

Karla
    $400 7
(Matt: What are darts?)

darters

Matt
Triple Stumper
    $400 11
champagne

Matt
    $400 2
a meal ticket

Tricia
    $600 25
a quorum

Karla
    $600 28
(Tricia: Who is W.C. Fields?)
(Alex: Oh, no.)
(Tricia: No!)
[The end-of-round signal sounds.]

Jack Benny

Tricia
Triple Stumper
    $600 15
Castro

Karla
    $1,000 12
manta ray

Matt
    $600 16
gin

Tricia
    $600 3
a misdemeanor

Matt
    $800 26
(Tricia: ...)
(Alex: Say something-ooo!)
(Tricia: [Exhales loudly])

a roll call vote

Tricia
Triple Stumper
    $800 19
(James) Frey

Tricia
    $800 13
dolphins

Matt
    $800 17
Southern Comfort

Matt
    $800 4
measles

Matt
    $1000 27
(Karla: What is discussion?)

debate

Karla
Triple Stumper
    $1000 20
(Nelson) Mandela

Matt
    $1000 14
(Matt: What is a whale?)

a seal

Matt
Triple Stumper
    $1000 18
mead

Matt
    $1000 5
(Tricia: What is mea culpa?)
(Karla: What is mean?)

meager

TriciaKarla
Triple Stumper

Scores at the first commercial break (after clue 15):

Tricia Matt Karla
-$200 $2,200 $400

Scores at the end of the Jeopardy! Round:

Tricia Matt Karla
-$200 $5,400 $800

Double Jeopardy! Round responses

GEOMETRY
THE JEOPARDY! MOVIE "CLUB"
CONGRESSIONAL BEFORE & AFTER
OCCUPATIONAL WORDS
ALL DOLLED UP
NO PLACE TO GO
    $400 11
180

Karla
    $400 1
The Joy Luck Club

Matt
    $400 23
(Tricia: Who is Frist?)

Buffalo Bill Frist

Tricia
Triple Stumper
    $400 12
a boilermaker

Karla
    $400 13
(Matt: What is Barbie?)

Cinderella

MattKarla
    $400 5
Robinson Crusoe

Karla
    $800 22
a circle

Karla
    $800 2
Sgt. Pepper's Lonely Hearts Club Band

Triple Stumper
    $800 24
Moby Dick Durbin

Triple Stumper
    $800 18
a tar

Karla
    $800 14
G.I. Joe

Matt
    $800 6
(Tricia: What... is...?)

Jane Eyre

TriciaKarla
    $1200 25
Euclid

Tricia
    $1200 3
The Breakfast Club

Matt
    $1200 19
an orderly

Matt
    $1200 15
(Tricia: Who is Orlando Bloom?)

Ken

Tricia
Triple Stumper
    $1200 7
Merlin

Matt
    $1600 26
a rhombus

Tricia
    $1600 4
The Cotton Club

Karla
    $2,000 20
(Matt: What is coup?)

chef

Matt
    $1600 16
Chatty Cathy

Karla
    $1600 9
Zenda

Matt
    $2,000 27
[The end-of-round signal sounds.]

10

Tricia
    $2000 8
Buena Vista Social Club

Tricia
    $2000 21
soldier

Matt
    $2000 17
bisque

Karla
    $2000 10
No Exit

Triple Stumper

Scores at the end of the Double Jeopardy! Round:

Tricia Matt Karla
$4,200 $11,400 $10,000

[wagering suggestions for these scores]

Final Jeopardy! Round responses

PORT CITIES
TriciaWhat is Riga?
$4,200
KarlaWhat is Odessa?
$2,500
MattWhat is Kiev?
$9,615
Riga, Latvia

Final scores:

Tricia Matt Karla
$8,400 $1,785 $7,500
2-day champion: $24,398 3rd place: $1,000 2nd place: $2,000

Game dynamics:

Coryat scores:

Tricia Matt Karla
$4,200 $13,000 $10,000
9 R
(including 1 DD),
6 W
16 R
(including 1 DD),
4 W
(including 1 DD)
18 R,
2 W

Combined Coryat: $27,200

[game clues] [game scores] [suggest correction]

Game tape date: 2006-03-29
The J! Archive is created by fans, for fans. Scraping, republication, monetization, and malicious use prohibited; this site may use cookies and collect identifying information. See terms. The Jeopardy! game show and all elements thereof, including but not limited to copyright and trademark thereto, are the property of Jeopardy Productions, Inc. and are protected under law. This website is not affiliated with, sponsored by, or operated by Jeopardy Productions, Inc. Join the discussion at JBoard.tv.